Anglicko-český slovník pro obchod a finance

Gespeichert in:
Bibliographische Detailangaben
Hauptverfasser: Dubský, Jaroslav, Mára, Jan (Verfasst von)
Format: Buch
Sprache:Tschechisch
Veröffentlicht: Praha Economia 1991
Ausgabe:1. vyd.
Schriftenreihe:Knižnice Hospodářsdkých novin
Online-Zugang:Im OPAC anzeigen
Tags: Tag hinzufügen
Keine Tags, Fügen Sie das erste Tag hinzu!

MARC

LEADER 00000nam a2200000 a 4500
005 20260127133941.0
008 131003s1991 CS 0 cze c
020 |a 8085378078 
035 |a vtls001130327 
035 |a SNK000073177 
039 9 |a 201310031100  |b VLOAD  |c 201306201741  |d VLOAD  |c 200809291023  |d mschk03  |y 200412250625  |z VLOAD 
040 |a SNK  |b slo  |c SNK  |d STUSCHK1  |e AACR2 
041 0 |a cze 
044 |a [CS] 
080 |a 801.316.4:339=20=850  |2 1981 
080 |a 339=20=850  |2 1981 
080 |a 801.316.4  |2 1981 
080 |a 336=20=850  |2 1981 
080 |a 339(038)=20=850  |2 1981 
080 |a 336(038)=20=850  |2 1981 
100 1 |a Dubský, Jaroslav 
245 1 |a Anglicko-český slovník pro obchod a finance  |c Jaroslav Dubský, Jan Mára 
250 |a 1. vyd. 
260 |a Praha  |b Economia  |c 1991 
300 |a 139, [1] s.  |c 14 cm 
490 0 |a Knižnice Hospodářsdkých novin 
700 1 |a Mára, Jan  |4 aut 
910 |a SCHK95 
919 |a 80-85378-07-8 
954 |a obchod * financie *  |a slovníky anglicko-české 
999 |c 715  |d 715